UBT Library

RINDERTIMI I IDENTITETIT KOMBETAR NE VEPREN E DRITRO AGOLLIT (Record no. 60633)

000 -LEADER
fixed length control field 00364nam a22001457a 4500
008 - FIXED-LENGTH DATA ELEMENTS--GENERAL INFORMATION
fixed length control field 250114b ||||| |||| 00| 0 eng d
020 ## - INTERNATIONAL STANDARD BOOK NUMBER
International Standard Book Number 9789951297608
041 ## - LANGUAGE CODE
Language code of text/sound track or separate title SHQIP
080 ## - UNIVERSAL DECIMAL CLASSIFICATION NUMBER
Universal Decimal Classification number 38.2
082 ## - DEWEY DECIMAL CLASSIFICATION NUMBER
Edition number 2024
Classification number 38.2
100 ## - Rafti
Rafti 40
101 ## - Shkurtesa
Shkurtesa VEPRA
245 ## - TITLE STATEMENT
Title RINDERTIMI I IDENTITETIT KOMBETAR NE VEPREN E DRITRO AGOLLIT
Statement of responsibility, etc VOTIM HANOLI
942 ## - ADDED ENTRY ELEMENTS (KOHA)
Source of classification or shelving scheme
Item type Books
Holdings
Withdrawn status Lost status Source of classification or shelving scheme Damaged status Not for loan Collection code Permanent location Current location Date acquired Total Checkouts Full call number Barcode Date last seen Price effective from Koha item type
          Koleksioni i përgjithshem UBT - Lipjan UBT - Lipjan 01/14/2025   38.2 002-800070949 01/14/2025 01/14/2025 Books
          Koleksioni i përgjithshem UBT - Lipjan UBT - Lipjan 01/14/2025   38.2 002-800070950 01/14/2025 01/14/2025 Books
          Koleksioni i përgjithshem UBT - Lipjan UBT - Lipjan 01/14/2025   38.2 002-800070951 01/14/2025 01/14/2025 Books
          Koleksioni i përgjithshem UBT - Lipjan UBT - Lipjan 01/14/2025   38.2 002-800070952 01/14/2025 01/14/2025 Books
          Koleksioni i përgjithshem UBT - Lipjan UBT - Lipjan 01/14/2025   38.2 002-800070953 01/14/2025 01/14/2025 Books
UBT Library © 2015-2024. All rights reserved University Education for Business and Technology